[Event "Moscow RGGU op"]
[Site "Moscow"]
[Date "2019.03.16"]
[Round "1"]
[White "Pugachev, Artem"]
[Black "Galkin, Stanislav"]
[Result "1-0"]
[WhiteElo "2150"]
[BlackElo "1511"]
[PlyCount "37"]
[EventDate "2019.03.16"]
[EventType "swiss"]
[EventRounds "7"]
[EventCountry "RUS"]
[SourceTitle "CBM 190 Extra"]
[Source "ChessBase"]
[SourceDate "2019.07.15"]
[SourceVersion "1"]
[SourceVersionDate "2019.07.15"]
[SourceQuality "1"]

1. e4 e5 2. f4 d6 3. Nc3 Nc6 4. Bc4 Nf6 5. d3 Bg4 6. Nge2 Na5 7. 0-0 Nxc4 8. dxc4 Qd7 9. Qd3 exf4 10. Bxf4 0-0-0 11. a4 h5 12. a5 a6 13. b4 h4 14. b5 axb5 15. a6 bxa6 16. Rxa6 b4 17. c5 c6 18. Ra8+ Kc7 19. Ra7+ 1-0